<?xml version="1.0" encoding="UTF-8"?><?xml-stylesheet type="text/xsl" href="static/style.xsl"?><OAI-PMH xmlns="http://www.openarchives.org/OAI/2.0/" xmlns:xsi="http://www.w3.org/2001/XMLSchema-instance" xsi:schemaLocation="http://www.openarchives.org/OAI/2.0/ http://www.openarchives.org/OAI/2.0/OAI-PMH.xsd"><responseDate>2026-04-26T20:24:46Z</responseDate><request verb="GetRecord" identifier="oai:uvadoc.uva.es:10324/65231" metadataPrefix="marc">https://uvadoc.uva.es/oai/request</request><GetRecord><record><header><identifier>oai:uvadoc.uva.es:10324/65231</identifier><datestamp>2025-02-21T08:17:43Z</datestamp><setSpec>com_10324_971</setSpec><setSpec>com_10324_931</setSpec><setSpec>com_10324_894</setSpec><setSpec>col_10324_972</setSpec></header><metadata><record xmlns="http://www.loc.gov/MARC21/slim" xmlns:doc="http://www.lyncode.com/xoai" xmlns:xsi="http://www.w3.org/2001/XMLSchema-instance" xmlns:dcterms="http://purl.org/dc/terms/" xsi:schemaLocation="http://www.loc.gov/MARC21/slim http://www.loc.gov/standards/marcxml/schema/MARC21slim.xsd">
<leader>00925njm 22002777a 4500</leader>
<datafield tag="042" ind1=" " ind2=" ">
<subfield code="a">dc</subfield>
</datafield>
<datafield tag="720" ind1=" " ind2=" ">
<subfield code="a">Rodríguez Medina, Jairo</subfield>
<subfield code="e">author</subfield>
</datafield>
<datafield tag="720" ind1=" " ind2=" ">
<subfield code="a">Jiménez Ruiz, María</subfield>
<subfield code="e">author</subfield>
</datafield>
<datafield tag="720" ind1=" " ind2=" ">
<subfield code="a">Arias González, Victor Benito</subfield>
<subfield code="e">author</subfield>
</datafield>
<datafield tag="260" ind1=" " ind2=" ">
<subfield code="c">2018</subfield>
</datafield>
<datafield tag="520" ind1=" " ind2=" ">
<subfield code="a">El espacio y tiempo de recreo resulta un escenario privile&#xd;
giado en el desarrollo socioafectivo, cognitivo y motor, y es &#xd;
probablemente uno de los momentos de la jornada escolar &#xd;
en el que los alumnos tienen más oportunidades para rela&#xd;
cionarse y disfrutar con sus compañeros en un contexto na&#xd;
tural. Los estudiantes con trastorno de espectro autista (TEA) &#xd;
pueden presentar dificultades en la interacción y la comuni&#xd;
cación social, por lo que, sin los apoyos adecuados, es &#xd;
posible que queden al margen de estos potenciales benefi&#xd;
cios. En el presente trabajo se realiza una revisión biblio&#xd;
gráfica de las investigaciones sobre las posibilidades y &#xd;
eficacia de diferentes modelos de intervención mediados &#xd;
por pares, orientados a mejorar la competencia social y las &#xd;
relaciones interpersonales del alumnado de Educación Pri&#xd;
maria con TEA.</subfield>
</datafield>
<datafield tag="024" ind2=" " ind1="8">
<subfield code="a">Revista Interuniversitaria de Formación del Profesorado, Septiembre 2018, vol.32, n.3. p. 93-110</subfield>
</datafield>
<datafield tag="024" ind2=" " ind1="8">
<subfield code="a">Electrónico: 2530-3791</subfield>
</datafield>
<datafield tag="024" ind2=" " ind1="8">
<subfield code="a">https://uvadoc.uva.es/handle/10324/65231</subfield>
</datafield>
<datafield tag="024" ind2=" " ind1="8">
<subfield code="a">93</subfield>
</datafield>
<datafield tag="024" ind2=" " ind1="8">
<subfield code="a">92</subfield>
</datafield>
<datafield tag="024" ind2=" " ind1="8">
<subfield code="a">110</subfield>
</datafield>
<datafield tag="024" ind2=" " ind1="8">
<subfield code="a">Mediación entre iguales, competencia social y relaciones interpersonaes de los niºos con TEA en la Escuela</subfield>
</datafield>
<datafield tag="245" ind1="0" ind2="0">
<subfield code="a">Mediación entre iguales, competencia social y relaciones interpersonales de los niños con TEA en la Escuela</subfield>
</datafield>
</record></metadata></record></GetRecord></OAI-PMH>